000 00326nam a22001337a 4500
008 180906b xxu||||| |||| 00| 0 eng d
020 _a9780815335771
041 _aeng
080 _24 ed
_a573
100 _a11
101 _aBIO
245 _aMolecular Biology The Cell A problems Approach
_cWilson.j
942 _2udc
_cBK
999 _c47571
_d47571